000 00736nam a22002417a 4500
003 OSt
005 20260506161245.0
008 260506b |||||||| |||| 00| 0 eng d
020 _a9789719825371
040 _cHS LRC
050 _aHD 30
_b.B964 2025
100 _aTan, Andrew L.
_9131724
245 _aBusiness resilience and sustainability /
_cAndrew L. Tan
260 _aQuezon City :
_bC&E Publishing,
_cc2025.
300 _aix, 216 p. :
_bcol. ill. ;
_c23 cm.
365 _b598.00
504 _aincludes index.
650 _aManagement.
700 _aHabaradas, Raymund B.
_eEditor
_933744
700 _aRivera, John Paulo R.
_eEditor
_9131730
700 _aRoxas, Fernando Martin y.
_eEditor
_9131727
942 _2lcc
_cBK
999 _c94126
_d94126